Statistiken für Deutsche Orte die wie Verben heißen

Klicken Sie hier um das Quiz zu spielen!

Allgemein

  • Dieses Quiz wurde 261 mal gespielt
  • Das Durchschnittsergebnis liegt bei 8 aus 84

Antwortstatistiken

Bundesland#Ort% Korrekt
Nordrhein-Westfalen2Essen
77%
Niedersachsen2Essen
77%
Bayern1Laufen
49%
Baden-Württemberg1Singen
46%
Nordrhein-Westfalen1Siegen
41%
Hessen1Gießen
27%
Bayern1Regen
20%
Bayern1Lachen
19%
Thüringen3Zimmern
16%
Baden-Württemberg3Zimmern
16%
Baden-Württemberg3Zimmern
16%
Sachsen7Bergen
13%
Rheinland-Pfalz7Bergen
13%
Niedersachsen7Bergen
13%
Niedersachsen7Bergen
13%
Mecklenburg-Vorpommern7Bergen
13%
Bayern7Bergen
13%
Bayern7Bergen
13%
Bayern1Erlangen
13%
Schleswig-Holstein1Fahren
13%
Rheinland-Pfalz1Wissen
13%
Baden-Württemberg1Aalen
10%
Rheinland-Pfalz1Kommen
10%
Niedersachsen3Langen
10%
Hessen3Langen
10%
Niedersachsen3Langen
10%
Bayern12Hausen
9%
Bayern12Hausen
9%
Thüringen12Hausen
9%
Rheinland-Pfalz12Hausen
9%
Rheinland-Pfalz12Hausen
9%
Baden-Württemberg12Hausen
9%
Bayern12Hausen
9%
Bayern12Hausen
9%
Bayern12Hausen
9%
Baden-Württemberg12Hausen
9%
Baden-Württemberg12Hausen
9%
Baden-Württemberg12Hausen
9%
Brandenburg1Kotzen
9%
Bayern2Senden
8%
Nordrhein-Westfalen2Senden
8%
Bayern1Weiden
8%
Schleswig-Holstein1Müssen
7%
Hessen1Brechen
6%
Nordrhein-Westfalen1Wenden
6%
Bayern1Fischen
5%
Bayern1Graben
5%
Rheinland-Pfalz2Leimen
5%
Baden-Württemberg2Leimen
5%
Baden-Württemberg1Süßen
5%
Baden-Württemberg1Buchen
4%
Baden-Württemberg1Weilen
4%
Brandenburg1Weisen
4%
Sachsen-Anhalt2Werben
4%
Brandenburg2Werben
4%
Rheinland-Pfalz3Winden
4%
Rheinland-Pfalz3Winden
4%
Baden-Württemberg3Winden
4%
Niedersachsen1Bücken
3%
Niedersachsen1Dissen
3%
Bayern1Roden
3%
Niedersachsen1Gleichen
2%
Niedersachsen1Holzen
2%
Baden-Württemberg1Keltern
2%
Schleswig-Holstein1Nützen
2%
Bayern1Sonnen
2%
Schleswig-Holstein1Wallen
2%
Rheinland-Pfalz1Wellen
2%
Sachsen-Anhalt1Ausleben
1%
Schleswig-Holstein1Dingen
1%
Hessen2Einhausen
1%
Thüringen2Einhausen
1%
Baden-Württemberg1Engen
1%
Rheinland-Pfalz1Erden
1%
Mecklenburg-Vorpommern1Grimmen
1%
Niedersachsen1Hehlen
1%
Rheinland-Pfalz1Jucken
1%
Thüringen1Kauern
1%
Niedersachsen1Lindern
1%
Niedersachsen1Merzen
1%
Brandenburg1Rauen
1%
Rheinland-Pfalz1Scheuern
1%
Rheinland-Pfalz1Seifen
1%
Niedersachsen1Stemmen
1%

Verteilung der Resultate

Perzentil nach korrekt beantworteten Fragen

Anzahl Personen mit jedem Resultat

Ihre Resultats-Entwicklung

Sie haben dieses Quiz noch nicht gespielt